Southville International School and Colleges
Your cart is empty.
  • Cart
  • Lists
    Public lists Eva Luna New books Lux_list list_1
    Your lists Log in to create your own lists
  • Log in to your account
  • Your cookies
  • Search history
Southville International School and Colleges
  • Advanced search
  • Recent comments
  • Most popular
  • Libraries

Log in to your account

Log in with GOOGLE


If you do not have an external account, but do have a local account, you can still log in:

  1. Home
  2. MARC view: Get test smart! :
Normal view MARC view ISBD view

Get test smart! : (Record no. 8546)

[ view plain ]
MARC details
000 -LEADER
fixed length control field 01559cam a2200421 a 4500
001 - CONTROL NUMBER
control field 14463280
003 - CONTROL NUMBER IDENTIFIER
control field SISC
005 - DATE AND TIME OF LATEST TRANSACTION
control field 20160401141405.0
008 - FIXED-LENGTH DATA ELEMENTS--GENERAL INFORMATION
fixed length control field 060721s2007 nyu j 001 0 eng
010 ## - LIBRARY OF CONGRESS CONTROL NUMBER
LC control number 2006046811
020 ## - INTERNATIONAL STANDARD BOOK NUMBER
International Standard Book Number 9780439878807 (pbk.)
020 ## - INTERNATIONAL STANDARD BOOK NUMBER
International Standard Book Number 0439878802 (pbk.)
020 ## - INTERNATIONAL STANDARD BOOK NUMBER
International Standard Book Number 9781428718845 (BWI bdg.)
020 ## - INTERNATIONAL STANDARD BOOK NUMBER
International Standard Book Number 1428718842 (BWI bdg.)
035 ## - SYSTEM CONTROL NUMBER
System control number (OCoLC)ocm70864513
035 ## - SYSTEM CONTROL NUMBER
System control number (OCoLC)70864513
040 ## - CATALOGING SOURCE
Original cataloging agency DLC
Transcribing agency DLC
Modifying agency BKX
-- BAKER
-- BTCTA
-- DLC
042 ## - AUTHENTICATION CODE
Authentication code lcac
050 00 - LIBRARY OF CONGRESS CALL NUMBER
Classification number LB 3060.57
Item number .R893t 2007
082 00 - DEWEY DECIMAL CLASSIFICATION NUMBER
Classification number HS 373.126
Item number R77 2007
100 1# - MAIN ENTRY--PERSONAL NAME
Personal name Rozakis, Laurie
9 (RLIN) 10157
245 10 - TITLE STATEMENT
Title Get test smart! :
Remainder of title the ultimate guide to middle school standardized tests /
Statement of responsibility, etc Laurie Rozakis.
260 ## - PUBLICATION, DISTRIBUTION, ETC. (IMPRINT)
Place of publication, distribution, etc New York :
Name of publisher, distributor, etc Scholastic Reference,
Date of publication, distribution, etc c2007.
300 ## - PHYSICAL DESCRIPTION
Extent 144 p. :
Dimensions 23 cm.
500 ## - GENERAL NOTE
General note Includes index.
650 #0 - SUBJECT ADDED ENTRY--TOPICAL TERM
Topical term or geographic name as entry element Test-taking skills
Form subdivision Handbooks, manuals, etc.
-- Juvenile literature.
9 (RLIN) 10165
650 #0 - SUBJECT ADDED ENTRY--TOPICAL TERM
Topical term or geographic name as entry element Educational tests and measurements
Form subdivision Study guides
-- Juvenile literature.
9 (RLIN) 10166
650 #0 - SUBJECT ADDED ENTRY--TOPICAL TERM
Topical term or geographic name as entry element Study skills
Form subdivision Juvenile literature.
9 (RLIN) 10167
650 #0 - SUBJECT ADDED ENTRY--TOPICAL TERM
Topical term or geographic name as entry element Examinations
Form subdivision Juvenile literature.
9 (RLIN) 10168
650 #1 - SUBJECT ADDED ENTRY--TOPICAL TERM
Topical term or geographic name as entry element Test-taking skills
Form subdivision Handbooks, manuals, etc.
9 (RLIN) 10169
650 #1 - SUBJECT ADDED ENTRY--TOPICAL TERM
Topical term or geographic name as entry element Educational tests and measurements
Form subdivision Study guides.
9 (RLIN) 10170
650 #1 - SUBJECT ADDED ENTRY--TOPICAL TERM
Topical term or geographic name as entry element Study skills.
9 (RLIN) 87
906 ## - LOCAL DATA ELEMENT F, LDF (RLIN)
a 7
b cbc
c orignew
d 1
e ocip
f 20
g y-gencatlg
942 ## - ADDED ENTRY ELEMENTS (KOHA)
Source of classification or shelving scheme Library of Congress Classification
Koha item type Books
Holdings
Withdrawn status Lost status Source of classification or shelving scheme Damaged status Home library Current library Shelving location Date acquired Total Checkouts Full call number Barcode Date last seen Copy number Price effective from Koha item type
    Library of Congress Classification   Luxembourg Library Luxembourg Library High School Section 08/14/2013   LB 3060.57 .R893t 2007 18001 08/14/2013 1 08/14/2013 Books
    Library of Congress Classification   Luxembourg Library Luxembourg Library High School Section 08/14/2013   LB 3060.57 .R893t 2007 18002 04/01/2016 2 08/14/2013 Books

Get test smart! :

APA

Rozakis L., . (2007). Get test smart!. New York: Scholastic Reference.

Chicago

Rozakis Laurie, . 2007. Get test smart!. New York: Scholastic Reference.

Harvard

Rozakis L., . (2007). Get test smart!. New York: Scholastic Reference.

MLA

Rozakis Laurie, . Get test smart!. New York: Scholastic Reference. 2007.

  • Place hold
  • Print
  • Cite
  • Add to your cart (remove)
  • Save record
    BIBTEX Dublin Core MARCXML MARC (non-Unicode/MARC-8) MARC (Unicode/UTF-8) MARC (Unicode/UTF-8, Standard) MODS (XML) RIS
  • More searches
    Search for this title in:
    Other Libraries (WorldCat) Other Databases (Google Scholar) Online Stores (Bookfinder.com) Open Library (openlibrary.org)

Exporting to Dublin Core...

SOUTHVILLE LIBRARY

Southville International School and Colleges Library

1281 Tropical Ave. Cor. Luxembourg St., BF Homes International, Las Pinas City

Tel. No. 8256374 / 252358 Loc. 117/146

Powered by Koha